000 01453nam a2200313 c 4500
003 BLK
005 20180420234943.0
008 180410b bul|||||r ||||||| ||bul||
010 _aKNG00173212000
040 _aBLK
041 _aBUL
_cBUL
080 _aСпециална част на наказателното право. Видове наказуеми действия - Срещу собствена или чужда държава и управлението, политически престъпления,геноцид(прав.аспекти), наркотрафик, против мира, обществен
_b343.3/.7
_x(497.2)(093)
_z343.3/.7(497.2)(093)
080 _aБългарска литература
_b821.163.2
_x-32
_z821.163.2-32
100 1 _aЗдравков, Петко
_eпърви автор
_9334645
139 _aЗдравков, Петко
_b
245 1 0 _aИзповеди на стария прокурор
_cПетко Здравков.
257 _aBGR
260 София
_bОФ
_c1980
300 _a392 с.
_c16 см
380 _a3
490 1 _aЧовек и закон
500 _a30 200 тир.
650 4 _aПрестъпления и престъпници
_9271124
852 _aЦб I 18201
856 4 _qpdf
_u
856 4 _qpdf
_u
942 _cKNG
_n0
944 _aCR
_c17.03.2015
_l17.03.2015 - от С1,Р / 17.03.2015
_kЛюбка_Николова
944 _aED
_c17.03.2015
_l17.03.2015 - от С1,Р / 17.03.2015
_k
999 _c165592
_d165592